| 000 | 00725nam a2200229Ia 4500 | ||
|---|---|---|---|
| 008 | 240729s9999 xx 000 0 und d | ||
| 022 | _a2714-9846 | ||
| 245 | 0 | _aIlomata International Journal of Tax and Accounting | |
| 260 | _aIndonesia | ||
| 260 | _bYayasan Ilomata | ||
| 650 | _a Accounting. Bookkeeping | Law | ||
| 650 | _a Business | ||
| 650 | _a Commerce | ||
| 650 | _a Comparative law. International uniform law | ||
| 650 | _a Law in general. Comparative and uniform law. Jurisprudence | ||
| 650 | _a Public finance | ||
| 650 | _a Revenue. Taxation. Internal revenue | ||
| 650 | _aSocial Sciences | ||
| 856 | _uhttps://doaj.org/toc/02a16b9cdc4f4e2fb62e60f4de356d12 | ||
| 942 | _2ddc | ||
| 942 | _cDOAJEJ | ||
| 999 |
_c70112 _d70112 |
||
| 945 |
_a1 _bMadushi Gamage _c1 _dMadushi Gamage |
||